00986cam a2200289 i 4500001000300000003000900003005001700012008003900029015001800068020001500086040003500101080001100136080001300147080001600160100003100176245009500207250001200302260004300314300004100357504002400398655005000422650003600472700002500508700003100533710003400564856009800598bgKOSZ 00520190916143453.0981106s1998 pl a f f |000 0 pol aPB 1998/14336 a8301124830 aWA NcKOSZ 005/HRdKOSZ 005/HR a620.17 a539.3/.6 a(075.8+076)1 aBanasiak, Mirosław.eRed.10aZbiór zadań z wytrzymałości materiałów /cM. Banasiak, K. Grossman, M. Trombski. aWyd. 3. aWarszawa :bWydaw. Naukowe PWN,c1998. a606, [2] s. :brys., wykr. ;c24 cm. aBibliogr. s. [607]. 4aĆwiczenia i zadania dla szkół wyższych 4aWytrzymałość materiałów1 aGrossman, Kazimierz.1 aTrombski, Marekd(1937- ).2 aWydawnictwo Naukowe PWN4pbl. uhttp://koha.tu.koszalin.pl/cgi-bin/koha/opac-detail.pl?biblionumber=37572yKatalog online BPK